| 000 | 00426nam a2200181Ia 4500 | ||
|---|---|---|---|
| 001 | 12546 | ||
| 005 | 20260306162949.0 | ||
| 008 | 260306t2022||||xx |||||||||||||| ||spa|| | ||
| 041 | _aESP | ||
| 082 |
_aHR 346.2 _bT. 7 JUL-DIC 2022 GF |
||
| 110 | _aGaceta Jurídica | ||
| 245 | 0 | _aGaceta de familia | |
| 260 | _c2022 | ||
| 300 |
_a183 páginas : _c25 cm. |
||
| 650 | _aGEN | ||
| 654 | _aCDE | ||
| 942 |
_cREV _dJUS _fJUS _2ddc _n |
||
| 999 |
_c12546 _d12546 |
||